Countries Bordering the World Ocean - Statistics

General Stats
  • This quiz has been taken 126 times
  • The average score is 120 of 151
Answer Stats
Country % Correct
Russia
95%
Brazil
92%
Canada
92%
Argentina
91%
United Kingdom
91%
United States
91%
Algeria
90%
Australia
90%
Iceland
90%
Norway
90%
Albania
88%
France
88%
India
88%
Ireland
88%
Japan
88%
Spain
88%
Finland
87%
Israel
87%
Mexico
87%
Portugal
87%
Chile
86%
China
86%
Croatia
86%
Denmark
86%
Morocco
86%
Papua New Guinea
86%
Turkey
86%
Egypt
85%
Indonesia
85%
New Zealand
85%
Peru
85%
Sweden
85%
Belgium
83%
Colombia
83%
Libya
83%
Monaco
83%
Thailand
83%
Tunisia
83%
Antigua and Barbuda
82%
Belize
82%
Ecuador
82%
Estonia
82%
Germany
82%
Greece
82%
Italy
82%
Latvia
82%
Lithuania
82%
Netherlands
82%
North Korea
82%
Angola
81%
Benin
81%
Costa Rica
81%
Guinea
81%
Haiti
81%
Honduras
81%
Lebanon
81%
Qatar
81%
Saudi Arabia
81%
Senegal
81%
South Africa
81%
South Korea
81%
Sri Lanka
81%
Suriname
81%
Uruguay
81%
Yemen
81%
Bahamas
79%
Barbados
79%
Bosnia and Herzegovina
79%
Gambia
79%
Iran
79%
Jamaica
79%
Oman
79%
Pakistan
79%
Panama
79%
Syria
79%
Tanzania
79%
Venezuela
79%
Bangladesh
78%
Cote d'Ivoire
78%
Dominica
78%
Fiji
78%
Kenya
78%
Liberia
78%
Montenegro
78%
Namibia
78%
Nigeria
78%
Poland
78%
Saint Kitts and Nevis
78%
Somalia
78%
Togo
78%
Bahrain
77%
Brunei
77%
Cambodia
77%
Cuba
77%
Dominican Republic
77%
Eritrea
77%
Guyana
77%
Kuwait
77%
Malaysia
77%
Maldives
77%
Malta
77%
Mozambique
77%
Saint Lucia
77%
United Arab Emirates
77%
Vietnam
77%
Djibouti
76%
Gabon
76%
Guatemala
76%
Guinea-Bissau
76%
Iraq
76%
Madagascar
76%
Myanmar
76%
Nicaragua
76%
Philippines
76%
Saint Vincent and the Grenadines
76%
Cameroon
74%
El Salvador
74%
Federated States of Micronesia
74%
Ghana
74%
Sierra Leone
74%
Taiwan
74%
Trinidad and Tobago
74%
Comoros
73%
Grenada
73%
Jordan
73%
Mauritania
73%
Samoa
73%
Slovenia
73%
Solomon Islands
73%
Tonga
73%
Tuvalu
73%
Vanuatu
73%
Cape Verde
72%
Democratic Republic of the Congo
72%
East Timor
72%
Kiribati
72%
Marshall Islands
72%
Mauritius
72%
Palau
72%
Seychelles
72%
Singapore
72%
Equatorial Guinea
71%
Nauru
71%
São Tomé and Principe
71%
Bulgaria
69%
Cyprus
69%
Georgia
68%
Republic of the Congo
68%
Romania
68%
Ukraine
68%
Sudan
63%
No matching quizzes found
Score Distribution
Percent of People with Each Score
Percentile by Number Answered
Your Score History
You have not taken this quiz